000 00661nam a2200265Ia 4500
003 OSt
005 20221006142447.0
006 a|||||r|||| 00| 0
007 ta
008 221006b |||||||| |||| 00| 0 eng d
020 _c
_7.95(each)
024 _a6,399
037 _cTextual
040 _aEASL
_cEASL
_beng
041 _2eng
_aeng
082 _aW.42.N6, K7;L8
100 _aWARD Robert E.
245 0 _aJapan's political system
260 _aNew Jersey
_bPrentice Hall
_c1967
300 _a253p.
_ccm.
490 _v RS
650 _aJEL
942 _hW.42.N6, K7;L8
_cTEXL
_2CC
999 _c1074485
_d1074485